| 000 | 00508nam a2200181Ia 4500 | ||
|---|---|---|---|
| 003 | OSt | ||
| 005 | 20260324122144.0 | ||
| 008 | 190216s9999||||xx |||||||||||||| ||und|| | ||
| 020 | _a5050013151 | ||
| 040 | _coclc | ||
| 082 |
_a891.733 _bGOR/A |
||
| 100 | 1 |
_aGorky, Maksim, _d1868-1936 _942 |
|
| 245 | 0 |
_aAmma / _cMaksim Gorky |
|
| 260 |
_bPrabhath Book House, _c1989. _aTrivandrum: |
||
| 300 | _a461p | ||
| 650 | _aMalayalam Novel | ||
| 942 |
_cBK _2ddc _h891.733 _iGOR/A _k891.733 _mGOR/A |
||
| 999 |
_c26638 _d26638 |
||